01789nam a2200301 a 4500003000900000005001700009008004100026020001800067040000700085082002400092100003300116245006000149246004300209246003200252250003800284260008800322300005400410500002200464505029500486520046200781650001701243650002501260650001701285942001501302949000901317952014401326999001701470CL-SaCFP20260210165909.0161221s2016 amca 000 0 spa d a9789567402717 cCL04a635.9 S586 20162211 aSilva Vargas, Raúl,d1934-10a500 preguntas sobre el jardín /cRaúl Silva Vargas.03aQuinientas preguntas sobre el jardín30aPreguntas sobre el jardín aPrimera edición: noviembre 2016 aSantiago de Chile :bEdiciones El Mercurio,c2016e(Chile :fSalesianos Impresores) a416 páginas :bilustraciones en color ;c23 cm. aIncluye índice.2 aConocer. Geeneralidades, hábitos y características de las plantas -- Labores. Cuidados y mantención -- Plantas. Elección según suelo, clíma y sol -- Suelos. Típos, preparación y abonos -- Enfermedades y plagas. Control y prevención -- Índice de preguntas por capítulo.3 aUna completa guía, tanto para aficionados como para expertos de la jardinería es este nuevo libro del reconocido agrónomo Raúl Silva Vargas. Con un lenguaje simple y preciso, el autor reúne aquí las inquitudes más significativas que le han realizado a lo largo de sus más de 40 años de trayectoria. Cómo sembrar, cuándo podar, qué hacer para combatir ciertas plagas o cómo reproducir o trasplantar tal especie... -- Contracubierta. 7aJardinería 7aPlantas ornamentales 7aFloricultura 2ddccLIBRO acbn 00102ddc40708CGaBCbBCcCGd2021-02-10eDLl1o635.9 S586 2016p3563000054941r2026-02-10 17:02:36s2026-02-10tc.1w2026-02-10yLIBRO c16316d16316